[Event "Bundesliga 0102"]
[Site "Deutschland"]
[Date "2002.02.03"]
[Round "7.3"]
[White "Kengis, Edvins"]
[Black "Appel, Ralf"]
[Result "1/2-1/2"]
[WhiteElo "2572"]
[BlackElo "2512"]
[PlyCount "76"]
[EventDate "2001.10.06"]
[EventType "team"]
[EventRounds "15"]
[EventCountry "GER"]
[SourceTitle "Bundesliga 0102"]
[Source "DeepChess"]
[SourceDate "2005.01.01"]
[SourceVersion "1"]
[SourceVersionDate "2005.01.01"]
[SourceQuality "1"]
[WhiteTeam "Godesberger SK 1929"]
[BlackTeam "SV Castrop Rauxel 1923"]
[WhiteTeamCountry "GER"]
[BlackTeamCountry "GER"]

1. e4 g6 2. d4 Bg7 3. Nf3 c6 4. Nc3 d5 5. h3 dxe4 6. Nxe4 Nd7 7. Bd3 Ngf6 8.
Nxf6+ Nxf6 9. O-O O-O 10. Re1 b6 11. Qe2 e6 12. Bg5 Qc7 13. Rad1 Bb7 14. c4
Rac8 15. Qe3 c5 16. Bf4 Qc6 17. Bf1 cxd4 18. Nxd4 Qa4 19. Be5 a6 20. b3 Qa5 21.
Nf3 b5 22. Bd4 bxc4 23. Bxc4 Nd5 24. Bxd5 Bxd5 25. Bxg7 Kxg7 26. Ne5 f6 27. Nd7
Rf7 28. Nb6 Rc2 29. Nxd5 exd5 30. Re2 Qxa2 31. Rxc2 Qxc2 32. Rxd5 Qc7 33. Qd2
Re7 34. b4 Qc4 35. Rd7 Rxd7 36. Qxd7+ Qf7 37. Qd6 Qb7 38. Kh2 Qe4 1/2-1/2

[Event "Bundesliga 0102"]
[Site "Deutschland"]
[Date "2002.02.03"]
[Round "7.4"]
[White "Seul, Georg"]
[Black "Kveinys, Aloyzas"]
[Result "0-1"]
[WhiteElo "2427"]
[BlackElo "2535"]
[PlyCount "102"]
[EventDate "2001.10.06"]
[EventType "team"]
[EventRounds "15"]
[EventCountry "GER"]
[SourceTitle "Bundesliga 0102"]
[Source "DeepChess"]
[SourceDate "2005.01.01"]
[SourceVersion "1"]
[SourceVersionDate "2005.01.01"]
[SourceQuality "1"]
[WhiteTeam "SV Castrop Rauxel 1923"]
[BlackTeam "Godesberger SK 1929"]
[WhiteTeamCountry "GER"]
[BlackTeamCountry "GER"]

1. e4 c5 2. Nf3 e6 3. c3 Nf6 4. e5 Nd5 5. d4 cxd4 6. cxd4 d6 7. Bc4 Nc6 8. O-O
Be7 9. Qe2 O-O 10. Qe4 Bd7 11. exd6 Bxd6 12. Nc3 Nf6 13. Qh4 Ne7 14. Bg5 Ng6
15. Qh3 h6 16. Ne4 Be7 17. Bxf6 Bxf6 18. Qg3 Bc6 19. Qg4 h5 20. Nxf6+ Qxf6 21.
Qxh5 Bxf3 22. Qxf3 Qxf3 23. gxf3 Rfd8 24. Rad1 Rd6 25. Rfe1 Nh4 26. Re4 Nf5 27.
Bb3 Rad8 28. d5 g6 29. Rde1 exd5 30. Re8+ Kg7 31. Rxd8 Rxd8 32. Re5 d4 33. Rd5
Rd6 34. Kf1 b6 35. Rxd6 Nxd6 36. Ke2 Kf6 37. Kd3 Ke5 38. f4+ Kxf4 39. Kxd4 g5
40. Kd5 Ne4 41. Kc6 f5 42. Kb7 Nxf2 43. Kxa7 Ng4 44. h3 Ne3 45. Kxb6 g4 46.
hxg4 fxg4 47. Be6 g3 48. Bh3 Kg5 49. a4 Kh4 50. a5 Kxh3 51. a6 Nd5+ 0-1

[Event "Bundesliga 0102"]
[Site "Deutschland"]
[Date "2002.02.03"]
[Round "7.5"]
[White "Langheinrich, Ferenc"]
[Black "Hoffmann, Michael"]
[Result "1/2-1/2"]
[WhiteElo "2398"]
[BlackElo "2448"]
[PlyCount "34"]
[EventDate "2001.10.06"]
[EventType "team"]
[EventRounds "15"]
[EventCountry "GER"]
[SourceTitle "Bundesliga 0102"]
[Source "DeepChess"]
[SourceDate "2005.01.01"]
[SourceVersion "1"]
[SourceVersionDate "2005.01.01"]
[SourceQuality "1"]
[WhiteTeam "Godesberger SK 1929"]
[BlackTeam "SV Castrop Rauxel 1923"]
[WhiteTeamCountry "GER"]
[BlackTeamCountry "GER"]

1. e4 c5 2. Nf3 e6 3. d4 cxd4 4. Nxd4 Nc6 5. Nxc6 bxc6 6. Bd3 Nf6 7. O-O d5 8.
Nd2 Qc7 9. Qe2 Bd6 10. Nf3 dxe4 11. Bxe4 Nxe4 12. Qxe4 O-O 13. Rd1 f6 14. Be3
Re8 15. Rd2 Rb8 16. Rad1 Bf8 17. b3 e5 1/2-1/2

[Event "Bundesliga 0102"]
[Site "Deutschland"]
[Date "2002.02.03"]
[Round "7.6"]
[White "Bosch, Jeroen"]
[Black "Breder, Dennis"]
[Result "1/2-1/2"]
[WhiteElo "2475"]
[BlackElo "2411"]
[PlyCount "53"]
[EventDate "2001.10.06"]
[EventType "team"]
[EventRounds "15"]
[EventCountry "GER"]
[SourceTitle "Bundesliga 0102"]
[Source "DeepChess"]
[SourceDate "2005.01.01"]
[SourceVersion "1"]
[SourceVersionDate "2005.01.01"]
[SourceQuality "1"]
[WhiteTeam "SV Castrop Rauxel 1923"]
[BlackTeam "Godesberger SK 1929"]
[WhiteTeamCountry "GER"]
[BlackTeamCountry "GER"]

1. d4 Nf6 2. c4 e6 3. Nc3 Bb4 4. e3 O-O 5. Nge2 d5 6. a3 Be7 7. Nf4 dxc4 8.
Bxc4 c5 9. O-O a6 10. dxc5 Bxc5 11. b4 Be7 12. Bb2 Qxd1 13. Rfxd1 b5 14. Bb3
Bb7 15. Rac1 Nc6 16. Nd3 Rfd8 17. Ne2 Nd7 18. Nd4 Rac8 19. Nxc6 Bxc6 20. Bd4
Kf8 21. f3 Bb7 22. Kf2 g6 23. Ke2 Ke8 24. h3 Rxc1 25. Rxc1 Rc8 26. Rxc8+ Bxc8
27. e4 1/2-1/2

[Event "Bundesliga 0102"]
[Site "Deutschland"]
[Date "2002.02.03"]
[Round "7.7"]
[White "Jackelen, Thomas"]
[Black "Dinstuhl, Volkmar"]
[Result "0-1"]
[WhiteElo "2392"]
[BlackElo "2402"]
[PlyCount "104"]
[EventDate "2001.10.06"]
[EventType "team"]
[EventRounds "15"]
[EventCountry "GER"]
[SourceTitle "Bundesliga 0102"]
[Source "DeepChess"]
[SourceDate "2005.01.01"]
[SourceVersion "1"]
[SourceVersionDate "2005.01.01"]
[SourceQuality "1"]
[WhiteTeam "Godesberger SK 1929"]
[BlackTeam "SV Castrop Rauxel 1923"]
[WhiteTeamCountry "GER"]
[BlackTeamCountry "GER"]

1. Nf3 d5 2. c4 c6 3. e3 Nf6 4. d4 e6 5. Bd3 Nbd7 6. O-O Bd6 7. Nc3 O-O 8. e4
dxc4 9. Bxc4 e5 10. h3 h6 11. Be3 Re8 12. Re1 b5 13. Bb3 Bb7 14. dxe5 Nxe5 15.
Nd4 b4 16. Na4 Nxe4 17. f3 Nf6 18. Nf5 Bf8 19. Nc5 Bc8 20. Qc2 Nd5 21. Bf2 Bxc5
22. Bxc5 Qg5 23. Nd4 Nf4 24. Kh1 a5 25. Bd6 Bd7 26. Bxe5 Rxe5 27. Rxe5 Qxe5 28.
Rd1 c5 29. Qc4 Rf8 30. Nc2 Bc6 31. Re1 Qg5 32. Qf1 Qg3 33. Ne3 Re8 34. Bc4 Nxh3
35. Nc2 Rxe1 36. Qxe1 Qf4 37. b3 Ng5 38. Qe3 Qd6 39. Ne1 Ne6 40. Nd3 Bd5 41.
Bb5 Nd4 42. Ba4 Be6 43. Qe4 Bf5 44. Qe8+ Kh7 45. Ne5 Be6 46. Nxf7 Qf4 47. Qh8+
Kg6 48. Nd8 Qh4+ 49. Kg1 Qe1+ 50. Kh2 Ne2 51. Be8+ Bf7 52. Bxf7+ Kf6 0-1

[Event "Bundesliga 0102"]
[Site "Deutschland"]
[Date "2002.02.03"]
[Round "7.8"]
[White "Lemmers, Oscar"]
[Black "Seger, Ruediger"]
[Result "1-0"]
[WhiteElo "2398"]
[BlackElo "2400"]
[PlyCount "49"]
[EventDate "2001.10.06"]
[EventType "team"]
[EventRounds "15"]
[EventCountry "GER"]
[SourceTitle "Bundesliga 0102"]
[Source "DeepChess"]
[SourceDate "2005.01.01"]
[SourceVersion "1"]
[SourceVersionDate "2005.01.01"]
[SourceQuality "1"]
[WhiteTeam "SV Castrop Rauxel 1923"]
[BlackTeam "Godesberger SK 1929"]
[WhiteTeamCountry "GER"]
[BlackTeamCountry "GER"]

1. e4 c6 2. d4 d5 3. exd5 cxd5 4. c4 Nf6 5. cxd5 Nxd5 6. Nc3 e6 7. a3 Nc6 8.
Nf3 Be7 9. Bd3 Bf6 10. O-O Nxc3 11. bxc3 O-O 12. Re1 g6 13. Qc2 Bd7 14. Rb1 Rc8
15. Bh6 Re8 16. Qd2 Na5 17. Ne5 Bh8 18. Qf4 f6 19. Bxg6 hxg6 20. Qg4 Re7 21.
Qxg6+ Bg7 22. Ng4 Bc6 23. Nxf6+ Kf8 24. Rxe6 Rf7 25. Qh7 1-0

[Event "Bundesliga 0102"]
[Site "Deutschland"]
[Date "2002.02.03"]
[Round "7.1"]
[White "Golubev, Mihail"]
[Black "Kempinski, Robert"]
[Result "1/2-1/2"]
[WhiteElo "2526"]
[BlackElo "2595"]
[PlyCount "58"]
[EventDate "2001.10.06"]
[EventType "team"]
[EventRounds "15"]
[EventCountry "GER"]
[SourceTitle "Bundesliga 0102"]
[Source "DeepChess"]
[SourceDate "2005.01.01"]
[SourceVersion "1"]
[SourceVersionDate "2005.01.01"]
[SourceQuality "1"]
[WhiteTeam "Stuttgarter SF 1879"]
[BlackTeam "Hamburger SK 1830 e.V."]
[WhiteTeamCountry "GER"]
[BlackTeamCountry "GER"]

1. e4 c5 2. Nf3 d6 3. d4 cxd4 4. Nxd4 Nf6 5. Nc3 a6 6. Bc4 e6 7. Bb3 b5 8. O-O
Be7 9. Qf3 Qb6 10. Be3 Qb7 11. Qg3 O-O 12. Bh6 Ne8 13. Rad1 Bf6 14. Be3 Bd7 15.
f4 Nc6 16. Nxc6 Bxc6 17. e5 dxe5 18. fxe5 Be7 19. Qg4 Kh8 20. Rf2 f5 21. exf6
Nxf6 22. Qxe6 Rae8 23. Qh3 Bd8 24. Bd4 Bb6 25. Ne2 Bd7 26. Qf3 Qb8 27. Qg3 Bc7
28. Nf4 Re4 29. Bc5 Rd8 1/2-1/2

[Event "Bundesliga 0102"]
[Site "Deutschland"]
[Date "2002.02.03"]
[Round "7.2"]
[White "Ftacnik, Lubomir"]
[Black "Hickl, Joerg"]
[Result "1/2-1/2"]
[WhiteElo "2580"]
[BlackElo "2600"]
[PlyCount "48"]
[EventDate "2001.10.06"]
[EventType "team"]
[EventRounds "15"]
[EventCountry "GER"]
[SourceTitle "Bundesliga 0102"]
[Source "DeepChess"]
[SourceDate "2005.01.01"]
[SourceVersion "1"]
[SourceVersionDate "2005.01.01"]
[SourceQuality "1"]
[WhiteTeam "Hamburger SK 1830 e.V."]
[BlackTeam "Stuttgarter SF 1879"]
[WhiteTeamCountry "GER"]
[BlackTeamCountry "GER"]

1. d4 c5 2. dxc5 Qa5+ 3. Nc3 Qxc5 4. e4 Nf6 5. Be3 Qa5 6. f3 Nc6 7. a3 e6 8. b4
Qc7 9. Nge2 a6 10. f4 d6 11. h3 Be7 12. g3 b5 13. Bg2 Bb7 14. O-O O-O 15. Qd3
Rfd8 16. g4 Nd7 17. g5 Nb6 18. h4 Ne5 19. Qd1 Ng4 20. Bd4 e5 21. Bf2 exf4 22.
Qd4 Nxf2 23. Rxf2 Bf8 24. Nxf4 Re8 {(=)} 1/2-1/2

[Event "Bundesliga 0102"]
[Site "Deutschland"]
[Date "2002.02.03"]
[Round "7.3"]
[White "Gabriel, Christian"]
[Black "Gustafsson, Jan"]
[Result "1/2-1/2"]
[WhiteElo "2545"]
[BlackElo "2535"]
[PlyCount "42"]
[EventDate "2001.10.06"]
[EventType "team"]
[EventRounds "15"]
[EventCountry "GER"]
[SourceTitle "Bundesliga 0102"]
[Source "DeepChess"]
[SourceDate "2005.01.01"]
[SourceVersion "1"]
[SourceVersionDate "2005.01.01"]
[SourceQuality "1"]
[WhiteTeam "Stuttgarter SF 1879"]
[BlackTeam "Hamburger SK 1830 e.V."]
[WhiteTeamCountry "GER"]
[BlackTeamCountry "GER"]

1. d4 Nf6 2. Nf3 g6 3. Bf4 Bg7 4. e3 d6 5. h3 O-O 6. Be2 Nfd7 7. O-O e5 8. Bh2
Nc6 9. c3 f5 10. Nbd2 Kh8 11. dxe5 dxe5 12. Bb5 Qe7 13. Bxc6 bxc6 14. Qa4 Nb6
15. Qa5 Rd8 16. c4 c5 17. Nb3 e4 18. Nfd2 Bxb2 19. Rad1 Be6 20. Qxc5 Qxc5 21.
Nxc5 Nxc4 {(=)} 1/2-1/2

[Event "Bundesliga 0102"]
[Site "Deutschland"]
[Date "2002.02.03"]
[Round "7.4"]
[White "Wahls, Matthias"]
[Black "Bunzmann, Dimitrij"]
[Result "1-0"]
[WhiteElo "2580"]
[BlackElo "2509"]
[PlyCount "85"]
[EventDate "2001.10.06"]
[EventType "team"]
[EventRounds "15"]
[EventCountry "GER"]
[SourceTitle "Bundesliga 0102"]
[Source "DeepChess"]
[SourceDate "2005.01.01"]
[SourceVersion "1"]
[SourceVersionDate "2005.01.01"]
[SourceQuality "1"]
[WhiteTeam "Hamburger SK 1830 e.V."]
[BlackTeam "Stuttgarter SF 1879"]
[WhiteTeamCountry "GER"]
[BlackTeamCountry "GER"]

1. Nf3 Nf6 2. c4 e6 3. g3 d5 4. b3 Be7 5. Bg2 b6 6. Bb2 O-O 7. O-O Bb7 8. e3 c5
9. Nc3 Nc6 10. cxd5 Nxd5 11. Nxd5 Qxd5 12. d4 Qd8 13. dxc5 Bxc5 14. Ne5 Nxe5
15. Bxb7 Rb8 16. Be4 Ng6 17. Qe2 a5 18. h4 f5 19. Bg2 Qe7 20. Rad1 Rbd8 21. Qc4
Rc8 22. h5 Nh8 23. h6 gxh6 24. Qf4 Nf7 25. e4 Qg5 26. exf5 Qxf4 27. gxf4 exf5
28. Bd5 Rfd8 29. Kh1 Kf8 30. Rg1 Rd7 31. Bg7+ Ke8 32. Bf6 Kf8 33. Bg7+ Ke8 34.
Bf6 Kf8 35. Rg2 Ba3 36. Rdg1 Ng5 37. Bc4 Rxc4 38. bxc4 Ne6 39. Be5 Kf7 40. Rh2
Bf8 41. Rh5 Rd2 42. Rxf5+ Ke7 43. Re1 1-0

[Event "Bundesliga 0102"]
[Site "Deutschland"]
[Date "2002.02.03"]
[Round "7.5"]
[White "Buhmann, Rainer"]
[Black "Heinemann, Thies"]
[Result "1-0"]
[WhiteElo "2498"]
[BlackElo "2465"]
[PlyCount "71"]
[EventDate "2001.10.06"]
[EventType "team"]
[EventRounds "15"]
[EventCountry "GER"]
[SourceTitle "Bundesliga 0102"]
[Source "DeepChess"]
[SourceDate "2005.01.01"]
[SourceVersion "1"]
[SourceVersionDate "2005.01.01"]
[SourceQuality "1"]
[WhiteTeam "Stuttgarter SF 1879"]
[BlackTeam "Hamburger SK 1830 e.V."]
[WhiteTeamCountry "GER"]
[BlackTeamCountry "GER"]

1. Nf3 c5 2. c4 g6 3. g3 Bg7 4. Bg2 Nc6 5. O-O e6 6. Nc3 Nge7 7. e3 O-O 8. d4
cxd4 9. Nxd4 Nxd4 10. exd4 d5 11. cxd5 Nxd5 12. Qb3 Bxd4 13. Bh6 Bg7 14. Bxg7
Kxg7 15. Bxd5 exd5 16. Nxd5 Be6 17. Qc3+ Kh6 18. Qe3+ g5 19. Nc3 Qb6 20. Qf3
Kg6 21. Rfe1 Rad8 22. Re5 Qc6 23. Rxg5+ Kxg5 24. Ne4+ Qxe4 25. Qxe4 Rd5 26.
Qxh7 Rfd8 27. Qg7+ Kf5 28. f3 Rd1+ 29. Rxd1 Rxd1+ 30. Kf2 Bxa2 31. Qg4+ Kf6 32.
Qa4 Rd2+ 33. Ke3 Rxh2 34. Qxa2 Kg6 35. Qb3 b6 36. Kf4 1-0

[Event "Bundesliga 0102"]
[Site "Deutschland"]
[Date "2002.02.03"]
[Round "7.6"]
[White "Wilhelmi, Christian"]
[Black "Schmittdiel, Eckhard"]
[Result "1-0"]
[WhiteElo "2440"]
[BlackElo "2490"]
[PlyCount "73"]
[EventDate "2001.10.06"]
[EventType "team"]
[EventRounds "15"]
[EventCountry "GER"]
[SourceTitle "Bundesliga 0102"]
[Source "DeepChess"]
[SourceDate "2005.01.01"]
[SourceVersion "1"]
[SourceVersionDate "2005.01.01"]
[SourceQuality "1"]
[WhiteTeam "Hamburger SK 1830 e.V."]
[BlackTeam "Stuttgarter SF 1879"]
[WhiteTeamCountry "GER"]
[BlackTeamCountry "GER"]

1. d4 Nf6 2. Nf3 e6 3. g3 b6 4. Bg2 Bb7 5. O-O c5 6. c4 cxd4 7. Qxd4 Nc6 8. Qd3
Be7 9. Nc3 d6 10. Rd1 Nb4 11. Qb1 Rc8 12. b3 a6 13. Bb2 Qc7 14. Rd2 O-O 15. Qd1
Ne4 16. Nxe4 Bxe4 17. Ne1 Bxg2 18. Nxg2 b5 19. a3 Nc6 20. Rc1 Qb8 21. Ne3 bxc4
22. Rxc4 d5 23. Rg4 f6 24. h4 Bc5 25. Rxd5 Bxe3 26. Rd7 Bh6 27. Bc1 f5 28. Bxh6
fxg4 29. Rxg7+ Kh8 30. Qd7 Qe5 31. Rxh7+ Kg8 32. Rg7+ Kh8 33. Rh7+ Kg8 34. Bg7
Kxh7 35. Bxe5+ Kg6 36. Qxe6+ Kh7 37. Qd7+ 1-0

[Event "Bundesliga 0102"]
[Site "Deutschland"]
[Date "2002.02.03"]
[Round "7.7"]
[White "Duppel, Matthias"]
[Black "Reeh, Oliver"]
[Result "1/2-1/2"]
[WhiteElo "2455"]
[BlackElo "2416"]
[PlyCount "88"]
[EventDate "2001.10.06"]
[EventType "team"]
[EventRounds "15"]
[EventCountry "GER"]
[SourceTitle "Bundesliga 0102"]
[Source "DeepChess"]
[SourceDate "2005.01.01"]
[SourceVersion "1"]
[SourceVersionDate "2005.01.01"]
[SourceQuality "1"]
[WhiteTeam "Stuttgarter SF 1879"]
[BlackTeam "Hamburger SK 1830 e.V."]
[WhiteTeamCountry "GER"]
[BlackTeamCountry "GER"]

1. Nf3 c5 2. c4 g6 3. d4 cxd4 4. Nxd4 Bg7 5. e4 Nc6 6. Be3 Nf6 7. Nc3 O-O 8.
Be2 d6 9. O-O Re8 10. Rc1 Bd7 11. Qd2 Nxd4 12. Bxd4 Bc6 13. f3 a5 14. b3 Nd7
15. Be3 Nc5 16. Rc2 Be5 17. Rb1 e6 18. Bf1 f5 19. exf5 gxf5 20. Rd1 Qh4 21. f4
Bxc3 22. Qxc3 Ne4 23. Qe1 Qh6 24. Be2 Kf7 25. Bf3 Rg8 26. Rd3 Rg6 27. Qd1 Rag8
28. Bh5 Nf6 29. Bxg6+ Rxg6 30. Bd4 Nh5 31. Rh3 Bxg2 32. Rxg2 Rxg2+ 33. Kh1 Rg4
34. Be5 Ng3+ 35. Rxg3 Rxg3 36. Qxd6 Rg6 37. Qd7+ Kg8 38. Qxb7 Qf8 39. Qc6 Qd8
40. Bd6 h6 41. c5 Rg7 42. Qf3 Kh7 43. Be5 Rd7 44. Bd6 Rg7 1/2-1/2

[Event "Bundesliga 0102"]
[Site "Deutschland"]
[Date "2002.02.03"]
[Round "7.1"]
[White "Khenkin, Igor"]
[Black "Shirov, Alexei"]
[Result "1/2-1/2"]
[WhiteElo "2579"]
[BlackElo "2706"]
[PlyCount "23"]
[EventDate "2001.10.06"]
[EventType "team"]
[EventRounds "15"]
[EventCountry "GER"]
[SourceTitle "Bundesliga 0102"]
[Source "DeepChess"]
[SourceDate "2005.01.01"]
[SourceVersion "1"]
[SourceVersionDate "2005.01.01"]
[SourceQuality "1"]
[WhiteTeam "TV Tegernsee"]
[BlackTeam "Luebecker SV von 1873 "]
[WhiteTeamCountry "GER"]
[BlackTeamCountry "GER"]

1. d4 d5 2. c4 dxc4 3. Nf3 Nf6 4. e3 e6 5. Bxc4 c5 6. O-O a6 7. dxc5 Bxc5 8.
Qxd8+ Kxd8 9. Nbd2 Ke7 10. Be2 Bd7 11. Nb3 Ba7 12. Bd2 1/2-1/2

[Event "Bundesliga 0102"]
[Site "Deutschland"]
[Date "2002.02.03"]
[Round "7.2"]
[White "Adams, Michael"]
[Black "Ribli, Zoltan"]
[Result "1/2-1/2"]
[WhiteElo "2744"]
[BlackElo "2564"]
[PlyCount "71"]
[EventDate "2001.10.06"]
[EventType "team"]
[EventRounds "15"]
[EventCountry "GER"]
[SourceTitle "Bundesliga 0102"]
[Source "DeepChess"]
[SourceDate "2005.01.01"]
[SourceVersion "1"]
[SourceVersionDate "2005.01.01"]
[SourceQuality "1"]
[WhiteTeam "Luebecker SV von 1873 "]
[BlackTeam "TV Tegernsee"]
[WhiteTeamCountry "GER"]
[BlackTeamCountry "GER"]

1. e4 c5 2. Nf3 e6 3. d4 cxd4 4. Nxd4 Nc6 5. Nc3 Qc7 6. Be3 a6 7. a3 b5 8. Nxc6
Qxc6 9. Be2 Bb7 10. Bf3 Qc7 11. e5 Ne7 12. O-O Rc8 13. Bxb7 Qxb7 14. Re1 Nf5
15. Bd2 Rc4 16. b3 Nh4 17. f3 Rg4 18. Re4 Rxg2+ 19. Kh1 g5 20. Bxg5 Rxg5 21.
Rxh4 Rxe5 22. Ne4 Be7 23. Rh3 Rg8 24. Qd4 Rd5 25. Qc3 f5 26. Nf6+ Bxf6 27. Qxf6
Qc6 28. Re1 Rf8 29. Qg7 Rd2 30. Rf1 Rxc2 31. Rxh7 Qd6 32. Qg5 Rd2 33. Rc1 Rd1+
34. Rxd1 Qxd1+ 35. Kg2 Qe2+ 36. Kg1 1/2-1/2

[Event "Bundesliga 0102"]
[Site "Deutschland"]
[Date "2002.02.03"]
[Round "7.4"]
[White "Vallejo Pons, Francisco"]
[Black "Nataf, Igor Alexandre"]
[Result "1/2-1/2"]
[WhiteElo "2630"]
[BlackElo "2527"]
[PlyCount "29"]
[EventDate "2001.10.06"]
[EventType "team"]
[EventRounds "15"]
[EventCountry "GER"]
[SourceTitle "Bundesliga 0102"]
[Source "DeepChess"]
[SourceDate "2005.01.01"]
[SourceVersion "1"]
[SourceVersionDate "2005.01.01"]
[SourceQuality "1"]
[WhiteTeam "Luebecker SV von 1873 "]
[BlackTeam "TV Tegernsee"]
[WhiteTeamCountry "GER"]
[BlackTeamCountry "GER"]

1. g3 g6 2. Bg2 Bg7 3. d4 d5 4. Nf3 Nf6 5. c4 c6 6. cxd5 cxd5 7. Ne5 O-O 8. Nc3
e6 9. O-O Nfd7 10. f4 Nc6 11. b3 f6 12. Nxc6 bxc6 13. Ba3 Re8 14. Na4 Ba6 15.
Rc1 {(=)} 1/2-1/2

[Event "Bundesliga 0102"]
[Site "Deutschland"]
[Date "2002.02.03"]
[Round "7.5"]
[White "Teske, Henrik"]
[Black "Nunn, John DM"]
[Result "1/2-1/2"]
[WhiteElo "2486"]
[BlackElo "2584"]
[PlyCount "135"]
[EventDate "2001.10.06"]
[EventType "team"]
[EventRounds "15"]
[EventCountry "GER"]
[SourceTitle "Bundesliga 0102"]
[Source "DeepChess"]
[SourceDate "2005.01.01"]
[SourceVersion "1"]
[SourceVersionDate "2005.01.01"]
[SourceQuality "1"]
[WhiteTeam "TV Tegernsee"]
[BlackTeam "Luebecker SV von 1873 "]
[WhiteTeamCountry "GER"]
[BlackTeamCountry "GER"]

1. d4 Nf6 2. Bg5 Ne4 3. Bh4 c5 4. Nd2 Nxd2 5. Qxd2 cxd4 6. Nf3 Nc6 7. Nxd4 g6
8. Nxc6 bxc6 9. Qc3 f6 10. e4 Bg7 11. Bc4 a5 12. O-O-O a4 13. f4 Qa5 14. Qd4
Qa7 15. Qd3 d6 16. Rhf1 Ba6 17. Rf3 Kd7 18. f5 Rhb8 19. Bf2 Bh6+ 20. Kb1 c5 21.
Be1 Rb6 22. Bc3 Rab8 23. Bxa6 Qxa6 24. Qxa6 Rxa6 25. Rh3 Bf4 26. Rxh7 gxf5 27.
Bxf6 Ke6 28. Bh4 Ra7 29. exf5+ Kxf5 30. Rf7+ Kg4 31. h3+ Kxh4 32. Rxf4+ Kg3 33.
Rg4+ Kh2 34. c3 a3 35. b3 Rf8 36. Rd2 e5 37. Kc2 Rf1 38. b4 Ra1 39. Kd3 cxb4
40. Rxb4 Rg7 41. Rg4 Rb7 42. Ra4 Rb2 43. Rxa3 e4+ 44. Ke2 Rxd2+ 45. Kxd2 Kxg2
46. Ra8 Kxh3 47. Ke3 d5 48. c4 dxc4 49. Kxe4 Kg4 50. Rg8+ Kh3 51. Ra8 Kg4 52.
Ra5 c3 53. Kd3 Kf4 54. Kxc3 Ke4 55. a4 Rc1+ 56. Kb4 Kd4 57. Rh5 Rb1+ 58. Ka5
Rb8 59. Ka6 Kc4 60. a5 Kb4 61. Re5 Rh8 62. Re4+ Kc5 63. Re7 Ra8+ 64. Ra7 Rxa7+
65. Kxa7 Kc6 66. a6 Kc7 67. Ka8 Kc8 68. a7 1/2-1/2

[Event "Bundesliga 0102"]
[Site "Deutschland"]
[Date "2002.02.03"]
[Round "7.6"]
[White "Hansen, Lars Bo"]
[Black "Stangl, Markus"]
[Result "1/2-1/2"]
[WhiteElo "2586"]
[BlackElo "2457"]
[PlyCount "104"]
[EventDate "2001.10.06"]
[EventType "team"]
[EventRounds "15"]
[EventCountry "GER"]
[SourceTitle "Bundesliga 0102"]
[Source "DeepChess"]
[SourceDate "2005.01.01"]
[SourceVersion "1"]
[SourceVersionDate "2005.01.01"]
[SourceQuality "1"]
[WhiteTeam "Luebecker SV von 1873 "]
[BlackTeam "TV Tegernsee"]
[WhiteTeamCountry "GER"]
[BlackTeamCountry "GER"]

1. Nf3 Nf6 2. c4 c5 3. Nc3 b6 4. g3 Bb7 5. Bg2 e6 6. O-O a6 7. d4 cxd4 8. Qxd4
d6 9. Rd1 Be7 10. Bg5 Nbd7 11. Qd2 O-O 12. Bf4 Ne8 13. Ng5 Bxg2 14. Kxg2 Rc8
15. b3 h6 16. Nf3 Qc7 17. Ne4 e5 18. Be3 Qb7 19. Nc3 Nef6 20. Kg1 Nc5 21. Bxc5
Rxc5 22. Ne1 Rc7 23. Nc2 b5 24. Ne3 bxc4 25. bxc4 Rfc8 26. Rab1 Qa7 27. Rb3 Rc6
28. Qb2 Bd8 29. Rb7 Qc5 30. Ncd5 Qa5 31. Qb1 g6 32. Nxf6+ Bxf6 33. Qb3 Rf8 34.
h4 h5 35. Kf1 Kg7 36. Rd5 Qd8 37. Kg2 Qc8 38. Rb6 Rd8 39. Kg1 e4 40. Kg2 Be5
41. Rxc6 Qxc6 42. c5 Re8 43. Qb6 Rc8 44. Qb1 Re8 45. Qb6 Rc8 46. a4 f6 47. Qxc6
Rxc6 48. cxd6 Bxd6 49. Rd4 f5 50. Nd5 Rc2 51. Ne3 Rc6 52. Nd5 Rc2 {(=)} 1/2-1/2

[Event "Bundesliga 0102"]
[Site "Deutschland"]
[Date "2002.02.03"]
[Round "7.7"]
[White "Gross, David2"]
[Black "De Firmian, Nick E"]
[Result "1/2-1/2"]
[WhiteElo "2463"]
[BlackElo "2552"]
[PlyCount "42"]
[EventDate "2001.10.06"]
[EventType "team"]
[EventRounds "15"]
[EventCountry "GER"]
[SourceTitle "Bundesliga 0102"]
[Source "DeepChess"]
[SourceDate "2005.01.01"]
[SourceVersion "1"]
[SourceVersionDate "2005.01.01"]
[SourceQuality "1"]
[WhiteTeam "TV Tegernsee"]
[BlackTeam "Luebecker SV von 1873 "]
[WhiteTeamCountry "GER"]
[BlackTeamCountry "GER"]

1. e4 c5 2. Nf3 d6 3. Bb5+ Nc6 4. c3 Nf6 5. Qe2 e5 6. d4 Qc7 7. O-O Be7 8. d5
a6 9. Bd3 Nb8 10. a4 O-O 11. Na3 Nbd7 12. Nc4 Nb6 13. Nxb6 Qxb6 14. a5 Qc7 15.
Nd2 Bd7 16. Nc4 Bb5 17. Nb6 Bxd3 18. Qxd3 Rae8 19. b4 cxb4 20. cxb4 Nd7 21. Be3
Nxb6 1/2-1/2

[Event "Bundesliga 0102"]
[Site "Deutschland"]
[Date "2002.02.03"]
[Round "7.8"]
[White "Hector, Jonny"]
[Black "Bromberger, Stefan"]
[Result "1/2-1/2"]
[WhiteElo "2552"]
[BlackElo "2353"]
[PlyCount "109"]
[EventDate "2001.10.06"]
[EventType "team"]
[EventRounds "15"]
[EventCountry "GER"]
[SourceTitle "Bundesliga 0102"]
[Source "DeepChess"]
[SourceDate "2005.01.01"]
[SourceVersion "1"]
[SourceVersionDate "2005.01.01"]
[SourceQuality "1"]
[WhiteTeam "Luebecker SV von 1873 "]
[BlackTeam "TV Tegernsee"]
[WhiteTeamCountry "GER"]
[BlackTeamCountry "GER"]

1. e4 c5 2. Nf3 d6 3. d4 cxd4 4. Nxd4 Nf6 5. Nc3 a6 6. Bg5 e6 7. f4 b5 8. e5
dxe5 9. fxe5 Qc7 10. Nf3 Nfd7 11. Bd3 Nc6 12. O-O Bb7 13. Bf4 f5 14. Kh1 Nc5
15. a3 Rd8 16. Ng5 g6 17. Qe2 Nd4 18. Qf2 h6 19. Nh3 Bg7 20. Rae1 Nxd3 21. cxd3
Qf7 22. Be3 Bxe5 23. Nf4 g5 24. Bxd4 Bxd4 25. Rxe6+ Qxe6 26. Nxe6 Bxf2 27. Nxd8
Kxd8 28. Rxf2 Re8 29. Kg1 f4 30. Re2 Rxe2 31. Nxe2 Ke7 32. g3 fxg3 33. Nxg3 Ke6
34. Kf2 Ke5 35. Ke3 Bc8 36. b4 Bf5 37. Ne2 h5 38. Nc3 h4 39. a4 bxa4 40. Nxa4
g4 41. Nc3 Bd7 42. Ne4 Bc6 43. Nd2 Kf5 44. Nf1 Bb7 45. Nd2 g3 46. hxg3 hxg3 47.
Nf1 g2 48. Kf2 Ke5 49. Nd2 Bd5 50. Ne4 Kd4 51. Kg1 Ba8 52. Nc5 a5 53. Nb3+ Kc3
54. Nxa5 Kxb4 55. Nc4 1/2-1/2